00610nam a2200205Ia 450000500170000000800410001702000120005804000190007004100120008908200190010124500870012026000390020730000140024650400220026063000330028265000400031565100190035570000200037485000100039420221115144013.0131103s9999 xx 000 0 und d cRs.4.00 aLoreto College aEnglish a821.7bCOL-SHA aColeridgeb The Ancient Mariner cedited with notes and introduction by R.C.Sharma aNew DelhibAarti Book Centrec1967 av,176 p.  aIncludes appendix aColeridge Samuel T. - Poetry aColeridge,Samuel Taylor,1772 - 1834 aEnglish Poetry aSharma,R.C.,ed. aLCLIB